| 000 | 00467nam a2200181Ia 4500 | ||
|---|---|---|---|
| 005 | 20240805114448.0 | ||
| 008 | 131103s9999 xx 000 0 und d | ||
| 040 | _aLoreto College | ||
| 041 | _aEnglish | ||
| 082 |
_a822.07 _bADL |
||
| 100 | _aAdland, D. E. | ||
| 245 | 4 |
_aThe group approach to drama _cD. E. Adland |
|
| 260 |
_aGreat britain _bLongmans _c1965 |
||
| 300 | _a120p. | ||
| 650 | _aEnglish drama - Study & teaching | ||
| 850 | _aLCBED | ||
| 942 | _cBK | ||
| 999 |
_c30016 _d80495 |
||